000 01457nam0a22003131 4500
001 rc\3417237
005 20260407084903.0
021 _aRU
_bРг1163-73
035 _a(NLR Aleph) 007555111
090 _a5243107
_c5243107
100 _a20130115d1972 |||y0rusy50 ca
101 0 _arus
102 _aRU
105 _ay z |||||
200 1 _aРекомендательный список литературы по курсу научного коммунизма для студентов технических вузов
_f[Науч. ред. доц. канд. экон. наук Чеботарева А.В.]
_gМВ и ССО РСФСР. Ленингр. политехн. ин-т имени М.И. Калинина
205 _a2-е изд., доп.
210 _a[Ленинград]
_cБ. и.
_d1972
215 _a24 с.
_d21
300 _aНа обороте тит. л. сост.: Раевский Р.В., Вилунас Ю.Г., Василик М.А.
702 1 _aРаевский
_bР.В.
_4220
702 1 _aВилунас
_bЮ.Г.
_4220
702 1 _aЧеботарева
_bА.В.
_gАнастасия Васильевна
_4340
702 1 _aВасилик
_bМ.А.
_4220
712 0 2 _aЛенинградский политехнический институт им. М. И. Калинина
_3RU\NLR\AUTH\8812655
_9298120
801 0 _aRU
_bNLR
_gpsbo
801 1 _aRU
_bELAR
_2rusmarc
852 _aNLR
_jС835-660/Р-36
942 _cBOOK
980 _aNB